Моделирование бизнес-процессов научно-технической библиотеки ТПУ в программе "Business Studio"; Молодежь и современные информационные технологии; Т. 2

Detalhes bibliográficos
Parent link:Молодежь и современные информационные технологии: сборник трудов XII Всероссийской научно-практической конференции студентов, аспирантов и молодых ученых, г. Томск, 12-14 ноября 2014 г./ Национальный исследовательский Томский политехнический университет (ТПУ), Институт кибернетики (ИК) ; ред. кол. Е. А. Сикора [и др.].— , 2014
Т. 2.— 2014.— [С. 13-15]
Autor principal: Ахмолдин Е. Ж.
Autor Corporativo: Национальный исследовательский Томский политехнический университет (ТПУ) Институт кибернетики (ИК) Кафедра компьютерных измерительных систем и метрологии (КИСМ)
Outros Autores: Наталинова Н. М. Наталья Михайловна (научный руководитель)
Resumo:Заглавие с титульного экрана
Idioma:russo
Publicado em: 2014
Colecção:Информационные технологии в производстве и управлении
Assuntos:
Acesso em linha:http://earchive.tpu.ru/handle/11683/20200
http://www.lib.tpu.ru/fulltext/c/2014/C04/V2/001.pdf
Formato: MixedMaterials Recurso Electrónico Capítulo de Livro
KOHA link:https://koha.lib.tpu.ru/cgi-bin/koha/opac-detail.pl?biblionumber=610730

MARC

LEADER 00000naa2a2200000 4500
001 610730
005 20231101132625.0
035 |a (RuTPU)RU\TPU\conf\8363 
035 |a RU\TPU\conf\8359 
090 |a 610730 
100 |a 20150204d2014 k y0rusy50 ca 
101 0 |a rus 
102 |a RU 
105 |a y z 101zy 
135 |a drcn ---uucaa 
181 0 |a i  
182 0 |a b 
200 1 |a Моделирование бизнес-процессов научно-технической библиотеки ТПУ в программе "Business Studio"  |f Е. Ж. Ахмолдин  |g науч. рук. Н. М. Наталинова 
203 |a Текст  |c электронный 
225 1 |a Информационные технологии в производстве и управлении 
230 |a 1 компьютерный файл (pdf; 391 Kb) 
300 |a Заглавие с титульного экрана 
320 |a [Библиогр.: с. 15 (5 назв.)] 
337 |a Adobe Reader 
461 1 |0 (RuTPU)RU\TPU\conf\7802  |t Молодежь и современные информационные технологии  |o сборник трудов XII Всероссийской научно-практической конференции студентов, аспирантов и молодых ученых, г. Томск, 12-14 ноября 2014 г.  |o в 2 т.  |f Национальный исследовательский Томский политехнический университет (ТПУ), Институт кибернетики (ИК) ; ред. кол. Е. А. Сикора [и др.]  |d 2014 
463 0 |0 (RuTPU)RU\TPU\conf\7813  |t Т. 2  |v [С. 13-15]  |d 2014 
601 0 2 |a Томский политехнический университет (ТПУ)  |b Научно-техническая библиотека (НТБ)  |2 stltpush  |3 (RuTPU)RU\TPU\col\15103 
610 1 |a труды учёных ТПУ 
610 1 |a электронный ресурс 
610 1 |a моделирование 
610 1 |a бизнес-процессы 
610 1 |a производительность труда 
610 1 |a нормативно-техническая документация 
610 1 |a бизнес-моделирование 
700 1 |a Ахмолдин  |b Е. Ж. 
702 1 |a Наталинова  |b Н. М.  |c специалист в области метрологии  |c доцент Томского политехнического университета  |f 1982-  |g Наталья Михайловна  |2 stltpush  |4 727 
712 0 2 |a Национальный исследовательский Томский политехнический университет (ТПУ)  |b Институт кибернетики (ИК)  |b Кафедра компьютерных измерительных систем и метрологии (КИСМ)  |h 66  |2 stltpush  |3 (RuTPU)RU\TPU\col\18706 
801 2 |a RU  |b 63413507  |c 20210322  |g RCR 
856 4 |u http://earchive.tpu.ru/handle/11683/20200 
856 4 |u http://www.lib.tpu.ru/fulltext/c/2014/C04/V2/001.pdf 
942 |c BK